Elementos de procesal civil dominicano (Registro nro. 16310)
[ vista simple ]
| 000 -LEADER | |
|---|---|
| fixed length control field | 00313nam a2200133Ia 4500 |
| 008 - FIXED-LENGTH DATA ELEMENTS--GENERAL INFORMATION | |
| fixed length control field | 211105s9999||||xx |||||||||||||| ||und|| |
| 082 ## - DEWEY DECIMAL CLASSIFICATION NUMBER | |
| Classification number | RD347.007293 T231E 2004 |
| 084 ## - OTHER CLASSIFICATION NUMBER | |
| Item number | 08-00188 |
| 100 ## - MAIN ENTRY--PERSONAL NAME | |
| Personal name | Tavares, F. |
| 245 #0 - TITLE STATEMENT | |
| Title | Elementos de procesal civil dominicano |
| 260 ## - PUBLICATION, DISTRIBUTION, ETC. | |
| Date of publication, distribution, etc. | 2004 |
| 300 ## - PHYSICAL DESCRIPTION | |
| Extent | 3 |
| Withdrawn status | Lost status | Damaged status | Not for loan | Home library | Current library | Date acquired | Total Checkouts | Barcode | Date last seen | Price effective from | Koha item type |
|---|---|---|---|---|---|---|---|---|---|---|---|
| Disponible para préstamo | UNIREMHOS SEDE | UNIREMHOS SEDE | 11/05/2021 | UNIREMHOS-SED994 | 11/05/2021 | 11/05/2021 | Libro |




